Návrh a simulácia automatizovaného systému virtuálnej triediacej linky

Uložené v:
Podrobná bibliografia
Hlavný autor: Bocian, Simon (Autor)
Ďalší autori: Šido, Ján (Vedúci práce)
Médium: Rukopis Kniha
Jazyk:Slovak
Vydavateľské údaje: 2025
Predmet:
On-line prístup:http://is.stuba.sk/zp/portal_zp.pl?podrobnosti=176688
Tagy: Pridať tag
Žiadne tagy, Buďte prvý, kto otaguje tento záznam!

MARC

LEADER 00000ntm a22000003a 4500
001 stuzp103973
003 SK-STU
005 20250628211031.4
007 ta
008 150427s2015----xo-----f-mn---000-0-slo-d
040 |a STU  |b slo 
041 0 |a slo 
100 1 |a Bocian, Simon  |u 066000  |4 aut  |U MTF Materiálovotechnologická fakulta  |T MTF Ústav aplikovanej informatiky, automatizácie a mechatroniky  |X 121780  |U M6000  |Y 86  |7 121780 
242 0 1 |a Design and Simulation of an Automated Virtual Sorting Line System  |y eng 
245 1 0 |a Návrh a simulácia automatizovaného systému virtuálnej triediacej linky 
260 |c 2025 
650 4 |a PLC  |2 slo 
650 4 |a automatizácia  |2 slo 
650 4 |a Factory I/O  |2 slo 
650 4 |a TIA Portal  |2 slo 
650 4 |a TIA Portal  |2 eng 
650 4 |a automation  |2 eng 
650 4 |a PLC  |2 eng 
650 4 |a Factory I/O  |2 eng 
700 1 |a Šido, Ján  |u 063000  |k Z3  |4 ths  |U MTF Materiálovotechnologická fakulta  |T MTF Ústav výrobných technológií  |X 76952  |U M3000  |Y 83  |7 76952 
856 4 |u http://is.stuba.sk/zp/portal_zp.pl?podrobnosti=176688 
996 |c M* BP-9885  |l MMSKP  |s P  |a 0  |w stuzp103973_0001